[Event "FRA-chT2 0910"]
[Site "France"]
[Date "2009.10.17"]
[Round "2.3"]
[White "Maatoug, Redwan"]
[Black "Solonar, Stefan"]
[Result "1/2-1/2"]
[WhiteElo "2218"]
[BlackElo "2348"]
[PlyCount "57"]
[EventDate "2009.09.27"]
[EventType "team"]
[EventRounds "11"]
[EventCountry "FRA"]
[SourceDate "2009.07.26"]

1. d4 Nf6 2. c4 d6 3. Nc3 Nbd7 4. e4 e5 5. Nge2 Be7 6. f3 c6 7. Be3 h5 8. Qd2
a6 9. d5 cxd5 10. Nxd5 Nxd5 11. cxd5 Nf6 12. Nc3 Bd7 13. Bd3 Nh7 14. f4 exf4
15. Bxf4 Bg5 16. O-O Bxf4 17. Qxf4 Qf6 18. Ne2 Qxf4 19. Nxf4 Nf6 20. Rac1 Rc8
21. Rxc8+ Bxc8 22. Ne2 Bd7 23. h3 Ke7 24. Rc1 Kd8 25. Nc3 h4 26. Kf2 g5 27. Be2
Re8 28. Bf3 Re7 29. Ke3 1/2-1/2

[Event "FRA-chT2 0910"]
[Site "France"]
[Date "2009.10.17"]
[Round "2.8"]
[White "Joguet, Myriam"]
[Black "Mourot, Clara"]
[Result "0-1"]
[WhiteElo "1773"]
[BlackElo "1980"]
[PlyCount "48"]
[EventDate "2009.09.27"]
[EventType "team"]
[EventRounds "11"]
[EventCountry "FRA"]
[SourceDate "2009.07.26"]

1. d4 Nf6 2. c4 c5 3. d5 b5 4. cxb5 a6 5. Nc3 axb5 6. Nxb5 Ba6 7. Nc3 g6 8. g3
Bg7 9. Bg2 d6 10. Nf3 O-O 11. O-O Nbd7 12. Re1 Ng4 13. e4 Nge5 14. Nxe5 Nxe5
15. Bf1 c4 16. Qe2 Nd3 17. Rd1 Qb6 18. Rxd3 cxd3 19. Qd2 Qd4 20. Qe1 Rfc8 21.
a3 Rxc3 22. bxc3 Qxc3 23. Qxc3 Bxc3 24. Rb1 d2 0-1

[Event "FRA-chT2 0910"]
[Site "France"]
[Date "2009.10.17"]
[Round "2.5"]
[White "Engelmann, Herve"]
[Black "Broca, Alexandre"]
[Result "1-0"]
[WhiteElo "2076"]
[BlackElo "2148"]
[PlyCount "49"]
[EventDate "2009.09.27"]
[EventType "team"]
[EventRounds "11"]
[EventCountry "FRA"]
[SourceDate "2009.07.26"]

1. e4 e5 2. Nf3 Nc6 3. Bc4 Nf6 4. Ng5 d5 5. exd5 b5 6. Bf1 Nd4 7. c3 Nxd5 8.
Ne4 Qh4 9. Ng3 Bb7 10. cxd4 O-O-O 11. dxe5 Bc5 12. d3 Rhe8 13. Be2 Rxe5 14. O-O
g5 15. Bg4+ Kb8 16. Nf5 Rxf5 17. Bxf5 Ne7 18. Qg4 Nxf5 19. Qxf5 Rd5 20. Qxf7
Bc6 21. Nc3 Bd6 22. g3 Rd4 23. Ne4 Qh3 24. Qf3 g4 25. Qe3 1-0

[Event "FRA-chT2 0910"]
[Site "France"]
[Date "2009.10.17"]
[Round "2.8"]
[White "Hourlier, Claire"]
[Black "Criqui, Laurence"]
[Result "1-0"]
[WhiteElo "1928"]
[BlackElo "1640"]
[PlyCount "63"]
[EventDate "2009.09.27"]
[EventType "team"]
[EventRounds "11"]
[EventCountry "FRA"]
[SourceDate "2009.07.26"]

1. e4 e5 2. Nf3 Nc6 3. Bc4 Nf6 4. Ng5 d5 5. exd5 Na5 6. Bb5+ c6 7. dxc6 bxc6 8.
Qf3 a6 9. Bxc6+ Nxc6 10. Qxc6+ Bd7 11. Qc4 Qe7 12. Nc3 h6 13. Nge4 Nxe4 14.
Qxe4 Rc8 15. O-O Bc6 16. Qe2 Qg5 17. Ne4 Qg6 18. d3 Be7 19. Ng3 O-O 20. Bd2 Bd6
21. Bc3 Rce8 22. Qh5 Qe6 23. Nf5 Qd5 24. Qg4 g6 25. Nxd6 Qxd6 26. Bb4 Qd5 27.
Bxf8 Kxf8 28. Rfe1 Bd7 29. Qe4 Qe6 30. Re2 f5 31. Qb4+ Kg8 32. Qb3 1-0

[Event "FRA-chT2 0910"]
[Site "France"]
[Date "2009.10.17"]
[Round "2.6"]
[White "Heinrich, Nicolas"]
[Black "Coudray, Carine"]
[Result "0-1"]
[WhiteElo "1956"]
[BlackElo "1870"]
[PlyCount "74"]
[EventDate "2009.09.27"]
[EventType "team"]
[EventRounds "11"]
[EventCountry "FRA"]
[SourceDate "2009.07.26"]

1. e4 c6 2. d4 d5 3. e5 Bf5 4. h4 h6 5. Bd3 Bxd3 6. Qxd3 Qa5+ 7. Bd2 Qa6 8. Qg3
e6 9. Ne2 Ne7 10. h5 Nd7 11. Nbc3 c5 12. a4 Nf5 13. Qf4 Qc6 14. g4 Nxd4 15.
Nxd4 cxd4 16. Nb5 a6 17. Nxd4 Qc7 18. Bc3 Be7 19. Nf3 Rc8 20. Rd1 b5 21. axb5
axb5 22. O-O Qd8 23. Ra1 Rc4 24. Qg3 b4 25. Bd2 Rxc2 26. b3 Nc5 27. Be3 Ne4 28.
Qg2 O-O 29. Nd4 Rc3 30. Ra7 Bg5 31. Bxg5 Qxg5 32. f4 Qd8 33. Kh2 Qb6 34. g5
hxg5 35. Ra2 Qxd4 36. fxg5 Qxe5+ 37. Kh1 Rg3 0-1

[Event "FRA-chT2 0910"]
[Site "France"]
[Date "2009.10.17"]
[Round "2.8"]
[White "Genzling, Sylvie"]
[Black "Coignet, Jean Francis"]
[Result "1-0"]
[WhiteElo "1967"]
[BlackElo "1818"]
[PlyCount "63"]
[EventDate "2009.09.27"]
[EventType "team"]
[EventRounds "11"]
[EventCountry "FRA"]
[SourceDate "2009.07.26"]

1. e4 c6 2. d4 d5 3. exd5 cxd5 4. Nf3 Nf6 5. Bd3 e6 6. O-O Be7 7. c3 O-O 8. Ne5
Nbd7 9. f4 Ne4 10. Be3 f5 11. Nd2 Nxe5 12. dxe5 Bc5 13. Bxc5 Nxc5 14. Nb3 Nxb3
15. axb3 b6 16. Ra4 Qc7 17. Kh1 a5 18. Rf3 Ba6 19. Bc2 Rfb8 20. Rd4 b5 21. Rg3
Rd8 22. Rgd3 Rac8 23. Rd2 Qc6 24. h3 Rc7 25. Bd3 Rdc8 26. Kh2 Qb6 27. Be2 Qc6
28. c4 bxc4 29. bxc4 Bxc4 30. Bxc4 dxc4 31. Rd6 Qa8 32. Rd8+ 1-0

[Event "FRA-chT2 0910"]
[Site "France"]
[Date "2009.10.17"]
[Round "2.1"]
[White "Rusev, Krasimir"]
[Black "Gladyszev, Oleg"]
[Result "1-0"]
[WhiteElo "2549"]
[BlackElo "2468"]
[PlyCount "26"]
[EventDate "2009.09.27"]
[EventType "team"]
[EventRounds "11"]
[EventCountry "FRA"]
[SourceDate "2009.07.26"]

1. d4 Nf6 2. c4 g6 3. Nc3 Bg7 4. e4 d6 5. h3 O-O 6. Nf3 e5 7. dxe5 dxe5 8. Bd3
Nbd7 9. Bc2 c6 10. c5 Qc7 11. b4 a5 12. a3 Re8 13. O-O axb4 {suite illisible}
1-0

[Event "FRA-chT2 0910"]
[Site "France"]
[Date "2009.10.17"]
[Round "2.4"]
[White "Staeger, Pascal"]
[Black "Schmitt, Fabien"]
[Result "1/2-1/2"]
[WhiteElo "2112"]
[BlackElo "2139"]
[PlyCount "54"]
[EventDate "2009.09.27"]
[EventType "team"]
[EventRounds "11"]
[EventCountry "FRA"]
[SourceDate "2009.07.26"]

1. e4 c5 2. Nc3 Nc6 3. g3 g6 4. Bg2 Bg7 5. d3 d6 6. Be3 e6 7. Qd2 Nd4 8. f4 Ne7
9. Nf3 Qa5 10. O-O Nec6 11. Bf2 O-O 12. Rfe1 Bd7 13. a3 b5 14. e5 dxe5 15. Nxe5
Nxe5 16. fxe5 Rac8 17. Rac1 Bc6 18. Qf4 Bxg2 19. Kxg2 Nf5 20. Qe4 b4 21. axb4
Qxb4 22. Na4 Nd4 23. b3 Rfd8 24. Nb2 Rd5 25. Nc4 Nc6 26. Qf4 Rf8 27. Ra1 Qb8
1/2-1/2

[Event "FRA-chT2 0910"]
[Site "France"]
[Date "2009.10.17"]
[Round "2.1"]
[White "Anka, Emil"]
[Black "Bissieres, Mathieu"]
[Result "1-0"]
[WhiteElo "2384"]
[BlackElo "2317"]
[PlyCount "55"]
[EventDate "2009.09.27"]
[EventType "team"]
[EventRounds "11"]
[EventCountry "FRA"]
[SourceDate "2009.07.26"]
[WhiteTeam "Mundolsheim"]

1. d4 Nf6 2. c4 g6 3. Nc3 Bg7 4. e4 O-O 5. Nf3 d6 6. h3 e5 7. d5 Na6 8. Bg5 h6
9. Be3 Nc5 10. Nd2 a5 11. a3 c6 12. b4 axb4 13. axb4 Rxa1 14. Qxa1 Na6 15. Qa3
Nh5 16. b5 Nb8 17. Qa7 cxd5 18. Bb6 Qg5 19. h4 Qg4 20. f3 Qd7 21. Nxd5 f5 22.
Qxb8 Ng3 23. Rg1 fxe4 24. Qc7 Qe6 25. Qe7 Qf5 26. Nxe4 Nxe4 27. Bd3 Bf6 28.
Bxe4 1-0

[Event "FRA-chT2 0910"]
[Site "France"]
[Date "2009.10.17"]
[Round "2.6"]
[White "L'Hermitte, Emmanuel"]
[Black "Hoffmann, Regis"]
[Result "0-1"]
[WhiteElo "2044"]
[BlackElo "2108"]
[PlyCount "76"]
[EventDate "2009.09.27"]
[EventType "team"]
[EventRounds "11"]
[EventCountry "FRA"]
[SourceDate "2009.07.26"]

1. d4 g6 2. c4 Bg7 3. Nc3 d6 4. e4 Nc6 5. Be3 e5 6. d5 Nce7 7. Bd3 f5 8. f3 Nf6
9. Nge2 O-O 10. O-O f4 11. Bf2 g5 12. c5 Ng6 13. Rc1 Rf7 14. Qc2 g4 15. cxd6
cxd6 16. Nb5 gxf3 17. gxf3 Bh3 18. Rfe1 Ne8 19. Kh1 Qg5 20. Rg1 Qh5 21. Rg4
Bxg4 22. fxg4 Qxg4 23. Rg1 Qf3+ 24. Rg2 Qh5 25. Ng1 Bf6 26. Be2 Qh6 27. Bg4 Kh8
28. Nf3 a6 29. Nc3 Rg7 30. Be6 Nh4 31. Nxh4 Bxh4 32. Bxh4 Qxh4 33. Rxg7 Nxg7
34. Qe2 Rf8 35. Bg4 Ne8 36. Bf5 Rg8 37. Qf1 f3 38. Nd1 Rg2 0-1

[Event "FRA-chT2 0910"]
[Site "France"]
[Date "2009.10.17"]
[Round "2.5"]
[White "Achereiner, Guillaume"]
[Black "Lupu, Mircea Sergiu"]
[Result "0-1"]
[WhiteElo "2015"]
[BlackElo "2432"]
[PlyCount "58"]
[EventDate "2009.09.27"]
[EventType "team"]
[EventRounds "11"]
[EventCountry "FRA"]
[SourceDate "2009.07.26"]
[BlackTeam "Meaux"]

1. d4 d5 2. c4 dxc4 3. e4 c5 4. d5 Nf6 5. Nc3 e6 6. Bxc4 exd5 7. Nxd5 Be7 8.
Bf4 Nxd5 9. Bxd5 O-O 10. Ne2 Qa5+ 11. Qd2 Qxd2+ 12. Bxd2 Nd7 13. O-O Nf6 14.
Nc3 Be6 15. Bf4 Nxd5 16. Nxd5 Bxd5 17. exd5 Rfd8 18. Rfd1 Bd6 19. Bxd6 Rxd6 20.
Rac1 b6 21. b4 cxb4 22. Rc7 a5 23. Rb7 Rad8 24. g4 h5 25. Kg2 Rxd5 26. Rc1 Rg5
27. h3 hxg4 28. hxg4 Rxg4+ 29. Kf3 Rg6 0-1

[Event "FRA-chT2 0910"]
[Site "France"]
[Date "2009.10.18"]
[Round "3.1"]
[White "Bissieres, Mathieu"]
[Black "Marzolf, Bruno"]
[Result "1/2-1/2"]
[WhiteElo "2317"]
[BlackElo "2242"]
[PlyCount "39"]
[EventDate "2009.09.27"]
[EventType "team"]
[EventRounds "11"]
[EventCountry "FRA"]
[SourceDate "2009.07.26"]

1. e4 e5 2. Nf3 Nc6 3. Bb5 a6 4. Bxc6 dxc6 5. O-O Ne7 6. d4 exd4 7. Nxd4 Ng6 8.
Be3 Bd6 9. f4 O-O 10. c3 Re8 11. Nd2 c5 12. Ne2 b6 13. Ng3 Bb7 14. Qc2 f6 15.
Rad1 Qc8 16. h3 Bc6 17. b4 cxb4 18. cxb4 Bb5 19. Rf2 Qd7 20. Nc4 1/2-1/2

[Event "FRA-chT2 0910"]
[Site "France"]
[Date "2009.10.18"]
[Round "3.5"]
[White "Bellet, Georges"]
[Black "Engelmann, Herve"]
[Result "1/2-1/2"]
[WhiteElo "2163"]
[BlackElo "2076"]
[PlyCount "79"]
[EventDate "2009.09.27"]
[EventType "team"]
[EventRounds "11"]
[EventCountry "FRA"]
[SourceDate "2009.07.26"]

1. e4 e5 2. Nf3 Nc6 3. Bb5 a6 4. Ba4 Nf6 5. O-O Be7 6. Re1 b5 7. Bb3 O-O 8. d4
exd4 9. e5 Ne8 10. c3 dxc3 11. Nxc3 d6 12. exd6 Nxd6 13. Nd5 Bf6 14. Nxf6+ Qxf6
15. Bd5 Bb7 16. a4 Rfe8 17. axb5 axb5 18. Rxa8 Rxa8 19. b3 h6 20. Qd2 Ra1 21.
Bb2 Rxe1+ 22. Nxe1 Qg6 23. f3 Ne7 24. Bxb7 Nxb7 25. Qe2 Qe6 26. Qxe6 fxe6 27.
b4 Nd5 28. Nd3 Kf7 29. Kf2 Nd6 30. g4 Nc4 31. Bd4 g6 32. h4 h5 33. Ke2 Nf6 34.
Nf2 e5 35. Bc5 hxg4 36. fxg4 Ke6 37. Bf8 e4 38. Bg7 Ne8 39. Bc3 Ne5 40. h5
1/2-1/2

[Event "FRA-chT2 0910"]
[Site "France"]
[Date "2009.10.18"]
[Round "3.4"]
[White "Briet, Antoine"]
[Black "Joie, Sebastien"]
[Result "1/2-1/2"]
[WhiteElo "2200"]
[BlackElo "2113"]
[PlyCount "47"]
[EventDate "2009.09.27"]
[EventType "team"]
[EventRounds "11"]
[EventCountry "FRA"]
[SourceDate "2009.07.26"]

1. e4 d6 2. d4 Nf6 3. Nc3 e5 4. dxe5 dxe5 5. Qxd8+ Kxd8 6. Bg5 Be6 7. O-O-O+
Nbd7 8. f4 Bg4 9. Rd3 Bd6 10. h3 Be6 11. Rxd6 cxd6 12. f5 a6 13. fxe6 fxe6 14.
Bc4 Ke7 15. a3 Rac8 16. Ba2 h6 17. Be3 b5 18. Nf3 Rxc3 19. bxc3 Rc8 20. Nd2
Rxc3 21. Re1 Nc5 22. Nb1 Nd3+ 23. Kd1 Nb2+ 24. Kc1 1/2-1/2

[Event "FRA-chT2 0910"]
[Site "France"]
[Date "2009.10.18"]
[Round "3.7"]
[White "Tching Sin, Olivier"]
[Black "Labadie, Jean Jacques"]
[Result "1-0"]
[WhiteElo "2008"]
[BlackElo "2043"]
[PlyCount "67"]
[EventDate "2009.09.27"]
[EventType "team"]
[EventRounds "11"]
[EventCountry "FRA"]
[SourceDate "2009.07.26"]

1. e4 e6 2. d4 d5 3. e5 c5 4. c3 Nc6 5. Nf3 Qb6 6. a3 f6 7. b4 cxd4 8. cxd4
fxe5 9. dxe5 Nh6 10. Bd3 Nf7 11. O-O Be7 12. Nc3 Bd7 13. Re1 Ncd8 14. Be3 Qc7
15. Rc1 Qb8 16. Nb5 Bxb5 17. Bxb5+ Kf8 18. Qd4 g6 19. Rc3 a5 20. Rec1 axb4 21.
axb4 Nc6 22. Bxc6 bxc6 23. Rxc6 Qxb4 24. Rxe6 Qxd4 25. Nxd4 Nd8 26. Rb6 Ra5 27.
g3 Ke8 28. Nb5 Rf8 29. Rd1 Nc6 30. Rxd5 Ra1+ 31. Kg2 Nb4 32. Nd6+ Bxd6 33.
Rdxd6 Nc2 34. Rb8+ 1-0

[Event "FRA-chT2 0910"]
[Site "France"]
[Date "2009.10.18"]
[Round "3.5"]
[White "Loukili, Abdelillah"]
[Black "Ruffenach, Alain"]
[Result "1-0"]
[WhiteElo "2108"]
[BlackElo "2023"]
[PlyCount "75"]
[EventDate "2009.09.27"]
[EventType "team"]
[EventRounds "11"]
[EventCountry "FRA"]
[SourceDate "2009.07.26"]

1. d4 g6 2. c4 Bg7 3. Nf3 c5 4. d5 Nf6 5. Nc3 d6 6. e4 O-O 7. Be2 a6 8. h3 b5
9. cxb5 axb5 10. Bxb5 Nxe4 11. O-O Nxc3 12. bxc3 Bxc3 13. Bh6 Bg7 14. Bxg7 Kxg7
15. Qe2 e5 16. dxe6 fxe6 17. Rfd1 Qf6 18. Rac1 Bb7 19. Rxd6 Bxf3 20. Qxf3 Rxa2
21. Qxf6+ Rxf6 22. f3 Rf5 23. Rb6 Ra8 24. Rxe6 Ra7 25. Rd1 Rb7 26. Bc4 Rf4 27.
Rc1 Rd4 28. Re5 Nd7 29. Re7+ Kf6 30. Rxh7 Rb4 31. Rf7+ Kg5 32. Be6 Nb6 33.
Rxc5+ Kh6 34. Bg4 Rd2 35. h4 Rbb2 36. Bh3 Nd5 37. Rc8 g5 38. Rc6+ 1-0

[Event "FRA-chT2 0910"]
[Site "France"]
[Date "2009.10.18"]
[Round "3.7"]
[White "Coudray, Carine"]
[Black "Vigneron, Quentin"]
[Result "0-1"]
[WhiteElo "1870"]
[BlackElo "1927"]
[PlyCount "68"]
[EventDate "2009.09.27"]
[EventType "team"]
[EventRounds "11"]
[EventCountry "FRA"]
[SourceDate "2009.07.26"]

1. e4 d5 2. exd5 Qxd5 3. Nc3 Qa5 4. d4 Nf6 5. Nf3 c6 6. h3 Bf5 7. Bd3 Bg6 8.
O-O e6 9. Re1 Be7 10. a3 Nbd7 11. Bf4 O-O 12. b4 Qd8 13. Bxg6 hxg6 14. Ne4 Nxe4
15. Rxe4 Nf6 16. Re1 Nd5 17. Bg3 a5 18. c4 Nb6 19. c5 Nd5 20. Qb3 axb4 21. axb4
Bf6 22. Be5 Qd7 23. Ra4 Rxa4 24. Qxa4 Nc3 25. Qa1 Nb5 26. Rd1 Rd8 27. Qb2 Qd5
28. Qc2 Bxe5 29. Nxe5 Nxd4 30. Nxg6 fxg6 31. Qxg6 Ne2+ 32. Kh2 Qxd1 33. Qxe6+
Kh8 34. Qe4 Qg1# 0-1

[Event "FRA-chT2 0910"]
[Site "France"]
[Date "2009.10.18"]
[Round "3.2"]
[White "Heinrich, Nicolas"]
[Black "Shchekachev, Andrei"]
[Result "0-1"]
[WhiteElo "1956"]
[BlackElo "2546"]
[PlyCount "64"]
[EventDate "2009.09.27"]
[EventType "team"]
[EventRounds "11"]
[EventCountry "FRA"]
[SourceDate "2009.07.26"]
[BlackTeam "Meaux"]

1. e4 c5 2. Nf3 e6 3. d4 cxd4 4. Nxd4 a6 5. c4 Nf6 6. Bd3 Nc6 7. Nxc6 dxc6 8.
O-O e5 9. Bc2 Qxd1 10. Rxd1 Bc5 11. Bg5 Bg4 12. Re1 Bd4 13. Nc3 O-O-O 14. h3
Be6 15. Bb3 h6 16. Bh4 g5 17. Bg3 Nh5 18. Bh2 Nf4 19. Bxf4 exf4 20. Rad1 f3 21.
Kf1 h5 22. Rd3 g4 23. h4 Bf6 24. Rxd8+ Rxd8 25. g3 Rd2 26. e5 Be7 27. Nd1 Bc5
28. Re4 Bf5 29. Rf4 Bd3+ 30. Kg1 Re2 31. Rxf7 Re1+ 32. Kh2 Bf1 0-1

[Event "FRA-chT2 0910"]
[Site "France"]
[Date "2009.10.18"]
[Round "3.5"]
[White "Luce, Sebastien"]
[Black "Karbovnik, Sylvain"]
[Result "1-0"]
[WhiteElo "2330"]
[BlackElo "1818"]
[PlyCount "41"]
[EventDate "2009.09.27"]
[EventType "team"]
[EventRounds "11"]
[EventCountry "FRA"]
[SourceDate "2009.07.26"]

1. Nf3 d5 2. d4 e6 3. c4 a6 4. cxd5 exd5 5. Nc3 Bb4 6. Qb3 Qd6 7. a3 Bxc3+ 8.
bxc3 Nf6 9. e3 O-O 10. a4 Re8 11. Ba3 Qb6 12. Qc2 Ne4 13. Bd3 Qg6 14. O-O Nd7
15. c4 c6 16. cxd5 cxd5 17. Rfc1 Ndf6 18. Ne5 Qh5 19. Qe2 Rxe5 20. dxe5 Ng4 21.
h3 1-0

[Event "FRA-chT2 0910"]
[Site "France"]
[Date "2009.10.18"]
[Round "3.6"]
[White "Marx, Nora"]
[Black "Pinard, Alain"]
[Result "1-0"]
[WhiteElo "1840"]
[BlackElo "2095"]
[PlyCount "60"]
[EventDate "2009.09.27"]
[EventType "team"]
[EventRounds "11"]
[EventCountry "FRA"]
[SourceDate "2009.07.26"]

1. e4 c5 2. Nf3 e6 3. d4 cxd4 4. Nxd4 Nc6 5. Nc3 Qc7 6. Be2 a6 7. O-O Nf6 8.
Be3 Bb4 9. f3 h5 10. a3 Be7 11. f4 d6 12. Bf3 Bd7 13. Qe1 Rc8 14. Qg3 g6 15.
Nxc6 Bxc6 16. f5 h4 17. Qf2 gxf5 18. exf5 e5 19. Bg5 Kd7 20. Bxh4 Bxf3 21. Bxf6
Bxf6 22. Qxf3 e4 23. Qxe4 Qb6+ 24. Kh1 Be5 25. h3 Qxb2 26. Qa4+ b5 27. Qxa6
Qxc3 28. Qxb5+ Ke7 29. f6+ Kf8 30. Qd7 Qc6 1-0

[Event "FRA-chT2 0910"]
[Site "France"]
[Date "2009.10.18"]
[Round "3.2"]
[White "Serafimov, Tervel"]
[Black "Pucher, Olivier"]
[Result "1/2-1/2"]
[WhiteElo "2410"]
[BlackElo "2337"]
[PlyCount "43"]
[EventDate "2009.09.27"]
[EventType "team"]
[EventRounds "11"]
[EventCountry "FRA"]
[SourceDate "2009.07.26"]

1. c4 c5 2. Nc3 g6 3. Nf3 Bg7 4. e3 Nf6 5. d4 O-O 6. Be2 cxd4 7. exd4 d5 8.
cxd5 Nxd5 9. O-O Nc6 10. h3 Be6 11. Ne4 Qb6 12. Nc5 Bf5 13. Na4 Qc7 14. Nc3
Rad8 15. Nxd5 Rxd5 16. Be3 e5 17. Qb3 Be6 18. dxe5 Rxe5 19. Qc2 Bf5 20. Qb3 Be6
21. Qc2 Bf5 22. Qb3 1/2-1/2

[Event "FRA-chT2 0910"]
[Site "France"]
[Date "2009.10.18"]
[Round "3.6"]
[White "Bureau, Frederic"]
[Black "Joly, Laurent"]
[Result "1-0"]
[WhiteElo "2052"]
[BlackElo "2043"]
[PlyCount "45"]
[EventDate "2009.09.27"]
[EventType "team"]
[EventRounds "11"]
[EventCountry "FRA"]
[SourceDate "2009.07.26"]

1. d4 Nf6 2. Nf3 g6 3. Bg5 Bg7 4. Nbd2 d5 5. e3 O-O 6. Bd3 Bg4 7. h3 Bxf3 8.
Qxf3 Nbd7 9. e4 dxe4 10. Nxe4 c6 11. c3 Nxe4 12. Bxe4 Qa5 13. Be3 e5 14. O-O
exd4 15. Bxd4 Bxd4 16. cxd4 Nb6 17. Qc3 Qg5 18. Qc5 Qf4 19. Bf3 Rfd8 20. Rad1
Qd6 21. b4 Rab8 22. Rfe1 Na4 23. Re8+ 1-0

[Event "FRA-chT2 0910"]
[Site "France"]
[Date "2009.10.18"]
[Round "3.7"]
[White "Hartmann, Dominique"]
[Black "Borni, Jean Bernard"]
[Result "1-0"]
[WhiteElo "1985"]
[BlackElo "2044"]
[PlyCount "48"]
[EventDate "2009.09.27"]
[EventType "team"]
[EventRounds "11"]
[EventCountry "FRA"]
[SourceDate "2009.07.26"]

1. Nf3 Nf6 2. c4 g6 3. b4 Bg7 4. Bb2 O-O 5. g3 d6 6. Bg2 e5 7. d3 c6 8. O-O a5
9. b5 Re8 10. Nbd2 Nbd7 11. a4 d5 12. Qc2 h6 13. cxd5 cxd5 14. Nb3 e4 15. dxe4
dxe4 16. Nfd2 e3 17. Nc4 exf2+ 18. Rxf2 Ng4 19. Rxf7 Kxf7 20. Bd5+ Kf8 21. Qxg6
Re7 22. Ba3 Qe8 23. Qh7 Ndf6 24. Rf1 Qf7 1-0

[Event "FRA-chT2 0910"]
[Site "France"]
[Date "2009.10.18"]
[Round "3.1"]
[White "Petkov, Vladimir"]
[Black "Maatoug, Redwan"]
[Result "1-0"]
[WhiteElo "2456"]
[BlackElo "2218"]
[PlyCount "59"]
[EventDate "2009.09.27"]
[EventType "team"]
[EventRounds "11"]
[EventCountry "FRA"]
[SourceDate "2009.07.26"]

1. Nf3 Nf6 2. c4 e6 3. Nc3 d5 4. d4 c6 5. e3 Be7 6. Bd3 O-O 7. O-O a6 8. e4
dxe4 9. Nxe4 Nxe4 10. Bxe4 Nd7 11. Bc2 c5 12. Qd3 g6 13. Bh6 Re8 14. Rad1 cxd4
15. Qxd4 Bf6 16. Qd2 Qc7 17. Ng5 Bxg5 18. Qxg5 f6 19. Qh4 Ne5 20. Qxf6 Ng4 21.
Qh4 Nxh6 22. Qxh6 Qg7 23. Qxg7+ Kxg7 24. Be4 Re7 25. Rd6 e5 26. Rfd1 Be6 27. b3
Kf7 28. Rb6 Rb8 29. Rdd6 Bc8 30. h4 1-0

[Event "FRA-chT2 0910"]
[Site "France"]
[Date "2009.10.18"]
[Round "3.4"]
[White "Mayer, Jean Marc"]
[Black "Blum, Nicolas"]
[Result "1-0"]
[WhiteElo "2206"]
[BlackElo "2234"]
[PlyCount "65"]
[EventDate "2009.09.27"]
[EventType "team"]
[EventRounds "11"]
[EventCountry "FRA"]
[SourceDate "2009.07.26"]

1. d4 Nf6 2. c4 e6 3. g3 c5 4. Bg2 cxd4 5. Qxd4 Nc6 6. Qd1 a6 7. Nf3 Be7 8. O-O
O-O 9. Nc3 d6 10. b3 h6 11. Bb2 e5 12. Ne1 Rb8 13. Nc2 Bd7 14. Ne3 b5 15. cxb5
axb5 16. Ncd5 Nxd5 17. Nxd5 Re8 18. Nxe7+ Qxe7 19. Rc1 Nd8 20. Qd2 Bg4 21. Rfd1
Nb7 22. Rc6 Red8 23. Ba3 Qd7 24. Rb6 d5 25. Bxd5 Be6 26. e4 Bxd5 27. exd5 Rbc8
28. Qe2 Nc5 29. Rxb5 Qa7 30. Bxc5 Rxc5 31. Qe3 Rdc8 32. Rxc5 Rxc5 33. d6 1-0

[Event "FRA-chT2 0910"]
[Site "France"]
[Date "2009.11.22"]
[Round "4.1"]
[White "Eisenbeiser, Amadeus"]
[Black "Bastian, Herbert"]
[Result "1/2-1/2"]
[WhiteElo "2394"]
[BlackElo "2350"]
[PlyCount "95"]
[EventDate "2009.09.27"]
[EventType "team"]
[EventRounds "11"]
[EventCountry "FRA"]
[SourceDate "2009.07.26"]

1. e4 c5 2. Nf3 d6 3. c4 e5 4. Nc3 Nc6 5. d3 g6 6. Be2 Bg7 7. h4 Nf6 8. Bd2 Nd4
9. Nxd4 exd4 10. Nb1 O-O 11. h5 Be6 12. Qc1 Ng4 13. Bg5 Qd7 14. Nd2 h6 15. Bf4
g5 16. Bg3 f5 17. exf5 Bxf5 18. O-O Be5 19. Bxg4 Bxg4 20. Bxe5 dxe5 21. Ne4 Bf3
22. Re1 Qg4 23. Ng3 Bxg2 24. Rxe5 Bc6 25. Qe1 Rae8 26. Rxe8 Rxe8 27. Qd1 Bf3
28. Qf1 Re3 29. Re1 Bc6 30. Rxe3 dxe3 31. Qe2 Qxe2 32. Nxe2 Bf3 33. Kf1 Bxe2+
34. Kxe2 exf2 35. Kxf2 Kf7 36. Kf3 Kf6 37. Ke4 Ke6 38. a3 a5 39. b3 Kf6 40. d4
cxd4 41. Kxd4 Kf5 42. Ke3 Ke5 43. b4 axb4 44. axb4 b6 45. Kd3 Kf4 46. c5 bxc5
47. bxc5 Ke5 48. Kc4 1/2-1/2

[Event "FRA-chT2 0910"]
[Site "France"]
[Date "2009.11.22"]
[Round "4.2"]
[White "Kuklin, Valentin"]
[Black "Dobosz, Henryk"]
[Result "1/2-1/2"]
[WhiteElo "2312"]
[BlackElo "2368"]
[PlyCount "66"]
[EventDate "2009.09.27"]
[EventType "team"]
[EventRounds "11"]
[EventCountry "FRA"]
[SourceDate "2009.07.26"]

1. e4 d6 2. Nc3 Nf6 3. g3 d5 4. e5 d4 5. exf6 dxc3 6. fxg7 cxd2+ 7. Qxd2 Qxd2+
8. Bxd2 Bxg7 9. O-O-O Nc6 10. Bg2 Bd7 11. Ne2 O-O-O 12. Bc3 e5 13. h3 h5 14. f4
f6 15. Rhf1 Be6 16. Rde1 Rhg8 17. b3 Bh8 18. a4 Ne7 19. fxe5 fxe5 20. Nf4 exf4
21. Bxh8 Bd5 22. Rxe7 Bxg2 23. Rf2 Bxh3 24. Be5 Rd7 25. Rxd7 Kxd7 26. Bxf4 Rg7
27. Kd2 Bg4 28. Kc3 a5 29. Rd2+ Kc6 30. Rd4 b6 31. Rc4+ Kb7 32. Re4 Kc6 33.
Rc4+ Kb7 1/2-1/2

[Event "FRA-chT2 0910"]
[Site "France"]
[Date "2009.11.22"]
[Round "4.3"]
[White "Lutz, Eric"]
[Black "Maatoug, Redwan"]
[Result "0-1"]
[WhiteElo "2232"]
[BlackElo "2214"]
[PlyCount "100"]
[EventDate "2009.09.27"]
[EventType "team"]
[EventRounds "11"]
[EventCountry "FRA"]
[SourceDate "2009.07.26"]

1. d4 Nf6 2. c3 b6 3. Bg5 Bb7 4. Nd2 d6 5. Qc2 Nbd7 6. e4 h6 7. Bh4 g5 8. Bg3
Bg7 9. e5 Nh5 10. e6 Ndf6 11. exf7+ Kxf7 12. Bc4+ e6 13. Ngf3 Nxg3 14. fxg3 Bd5
15. O-O Rf8 16. Bxd5 exd5 17. Rae1 Kg8 18. Qg6 Qd7 19. h4 g4 20. Nh2 Qf7 21.
Qxf7+ Rxf7 22. Rf5 h5 23. Re6 Raf8 24. Ndf1 Bh6 25. Ne3 Ne4 26. Rxh6 Rxf5 27.
Nxf5 Rxf5 28. Nf1 Rf2 29. b3 Kg7 30. Re6 Rxa2 31. c4 Ra1 32. cxd5 Nxg3 33. Kf2
Nxf1 34. Re7+ Kf6 35. Rxc7 Nd2 36. b4 Ne4+ 37. Ke3 Ng3 38. Rd7 Nf5+ 39. Kd2 a5
40. bxa5 bxa5 41. Kc3 a4 42. Ra7 a3 43. Rh7 a2 44. Kb2 Rg1 45. Kxa2 Rxg2+ 46.
Kb3 Kg6 47. Rh8 Re2 48. Rg8+ Ng7 49. Rf8 g3 50. Rf3 Nf5 0-1